书目信息 |
| 题名: |
不屈的共产党人
|
|
| 作者: | 人民出版社 编 | |
| 分册: | 一 | |
| 出版信息: | 北京 人民出版社 1980.06 |
|
| 页数: | 461页 | |
| 开本: | 19cm | |
| 丛书名: | ||
| 单 册: | ||
| 中图分类: | K824.1 | |
| 科图分类: | ||
| 主题词: | 人物--传记--中国 | |
| 电子资源: | ||
| ISBN: | ||
| 000 | 00591nam0 2200217 45 | |
| 001 | 0180003063 | |
| 005 | 20060819173121.26 | |
| 010 | @dCNY1.00 | |
| 091 | @a30011.1727 | |
| 100 | @a19960215d1980 em y0chiy0121 ea | |
| 101 | 0 | @achi |
| 102 | @aCN@b110000 | |
| 105 | @af z 000yc | |
| 200 | 10 | @a不屈的共产党人@Abu qu de gong chan dang ren@h一@f人民出版社编@FRen MinChu Ban She Bian |
| 210 | @a北京@c人民出版社@d1980.06 | |
| 215 | @a461页@c照片@d19cm | |
| 606 | 0 | @a人物@x传记@x中国 |
| 690 | @aK824.1@v3 | |
| 701 | 0 | @a人民出版社@4编 |
| 801 | 0 | @aCN@bNLC@c20060819 |
| 905 | @dK824.1@e3:1 | |
| 不屈的共产党人.一/人民出版社编.-北京:人民出版社,1980.06 |
| 461页:照片;19cm |
| ISBN :CNY1.00 |
| ● |
| 相关链接 |
|
|
|
|
正题名:不屈的共产党人
索取号:K824.1/3:1
 
预约/预借
| 序号 | 登录号 | 条形码 | 馆藏地/架位号 | 状态 | 备注 |
| 1 | 0032634 | 001858074 | 密集书库/ [索取号:K824.1/3:1] | 在馆 | |
| 2 | 0032635 | 001394002 | 密集书库/ [索取号:K824.1/3:1] | 在馆 | |
| 3 | 0032636 | 001859484 | 密集书库/ [索取号:K824.1/3:1] | 在馆 | |
| 4 | 0032637 | 001908350 | 密集书库/ [索取号:K824.1/3:1] | 在馆 | |
| 5 | 0032638 | 001858029 | 密集书库/ [索取号:K824.1/3:1] | 在馆 | |
| 6 | 0034093 | 001902132 | 密集书库/ [索取号:K824.1/3:1] | 在馆 | |
| 7 | 0034094 | 001393995 | 密集书库/ [索取号:K824.1/3:1] | 在馆 | |
| 8 | 0034095 | 202337435 | 密集书库/ [索取号:K824.1/3:1] | 在馆 | |
| 9 | 0034096 | 001881707 | 密集书库/ [索取号:K824.1/3:1] | 在馆 | |
| 10 | 0034097 | 001393968 | 密集书库/ [索取号:K824.1/3:1] | 在馆 | |
| 11 | 0053010 | 001908396 | 密集书库/ [索取号:K824.1/3:1] | 在馆 | |
| 12 | 0053011 | 001881743 | 密集书库/ [索取号:K824.1/3:1] | 在馆 | |
| 13 | 0053012 | 202173389 | 密集书库/ [索取号:K824.1/3:1] | 在馆 | |
| 14 | 0053013 | 202337667 | 密集书库/ [索取号:K824.1/3:1] | 在馆 | |
| 15 | 0053014 | 001881663 | 密集书库/ [索取号:K824.1/3:1] | 在馆 | |
| 16 | 0053015 | 001859661 | 密集书库/ [索取号:K824.1/3:1] | 在馆 | |
| 17 | 0053016 | 202337710 | 密集书库/ [索取号:K824.1/3:1] | 在馆 | |
| 18 | 0053017 | 001859625 | 密集书库/ [索取号:K824.1/3:1] | 在馆 | |
| 19 | 0053018 | 001881627 | 密集书库/ [索取号:K824.1/3:1] | 在馆 | |
| 20 | 0053019 | 001908314 | 密集书库/ [索取号:K824.1/3:1] | 在馆 | |
| 21 | 0443801 | 204438019 | 密集书库/ [索取号:K824.1/3:1] | 在馆 | |
| 22 | 0462221 | 204622211 | 密集书库/ [索取号:K824.1/3:1] | 在馆 | |
| 23 | 0462222 | 204622220 | 密集书库/ [索取号:K824.1/3:1] | 在馆 | |
| 24 | 0462223 | 204622239 | 密集书库/ [索取号:K824.1/3:1] | 在馆 | |
| 25 | 0467020 | 204670203 | 密集书库/ [索取号:K824.1/3:1] | 在馆 |